Lexicón Hebraicum et Chaldaicum in libros veteris testamenti ordine etimológico compositum in usum scholarum

Uloženo v:
Podrobná bibliografie
Hlavní autor: Leopold, E. F (Autor)
Médium: Kniha
Jazyk:hebrejština
syrština
Vydáno: Leipzig Ottonis Holter 1920
Vydání:1a. ed
Témata:
Tagy: Přidat tag
Žádné tagy, Buďte první, kdo vytvoří štítek k tomuto záznamu!

MARC

LEADER 00000cam a2200000 a 4500
001 UCD3135
003 CL-VaPUC
008 160526e19200000gw |||||||||||||||||heb|d
041 0 7 |a heb  |2 CL-VaPUC 
041 0 7 |a syr  |2 CL-VaPUC 
082 0 4 |a 492.403  |b LEO  |2 21 
100 0 |a Leopold, E. F  |e author  |9 586499 
245 1 0 |a Lexicón Hebraicum et Chaldaicum in libros veteris testamenti ordine etimológico compositum in usum scholarum 
250 |a 1a. ed 
300 |a 453 p 
942 |c BK 
945 |d 20160526 21:26:00  |a dcastane 
260 |a Leipzig  |b Ottonis Holter  |c 1920 
650 0 |a Hebreo   |9 391464 
650 0 |a Diccionarios  |9 256200 
650 0 |a Siríaco  |9 514985 
583 |a last modification  |c 20160526 21:26:00  |k Rodrigo Vera 
999 |c 364192  |d 364190 
952 |0 0  |1 0  |3 erd  |4 0  |6 492_403000000000000_LEO_1920  |7 0  |8 X  |9 477139  |a BIBTEO  |b BIBTEO  |c TEO_FFR  |i 5232201  |o 492.403 LEO 1920  |p 5232201  |r 2024-01-18  |w 2019-11-24  |y BK_X  |z Catalogado en:20160526  |k OFM 
952 |0 0  |1 0  |3 erd  |4 0  |6 492_403000000000000_LEO_1920  |7 0  |8 X  |9 477140  |a BIBTEO  |b BIBTEO  |c TEO_FFR  |i 5232082  |o 492.403 LEO 1920  |p 5232082  |r 2024-01-18  |w 2019-11-24  |y BK_X  |z Catalogado en:20160526  |k OFM